000 00487nam a22001697a 4500
005 20250106111733.0
010 _aB-761553
020 _a9789356069237
_c605.00
035 _aB-761553
037 _bGift
082 _a510
245 _aFoundation Mathematics;
_bContent Based on NCERT Curriculum2023 Class 8/
260 _bPearson publication
300 _aVp.
_c28cm(Pb)
942 _2ddc
_cEN
_mFOU
_h510
999 _c208048
_d208048